000 00519nam a2200145Ia 4500
008 100122s9999 xx 000 0 und d
082 _b56663
_a822
100 _aबनहट्टी राजेंद्र
245 _aमाणूस म्हणतो माझे घर
260 _bप्रतिमा प्रकाशन
_c1999
300 _a79
630 _aमाणूस म्हणतो माझे घर
730 _aमाणूस म्हणतो माझे घर
942 _cBOOK
999 _c433042
_d433039